[Event "Gothenburg Kvibergspelen 09"]
[Site "Gothenburg"]
[Date "2019.09.27"]
[Round "3"]
[White "Lindberg, Bengt"]
[Black "Persson, Ulf"]
[Result "1-0"]
[WhiteElo "2397"]
[BlackElo "1991"]
[PlyCount "69"]
[EventDate "2019.09.27"]
[EventType "swiss"]
[EventRounds "8"]
[EventCountry "SWE"]
[SourceTitle "EXT 2020"]
[Source "ChessBase"]
[SourceDate "2019.10.17"]
[SourceVersion "1"]
[SourceVersionDate "2019.10.17"]
[SourceQuality "1"]

1. e4 c5 2. Nf3 d6 3. d4 cxd4 4. Nxd4 Nf6 5. Nc3 a6 6. Be3 Ng4 7. Bg5 h6 8. Bc1 Nc6 9. Nxc6 bxc6 10. h3 Nf6 11. Bc4 e6 12. 0-0 Be7 13. b3 0-0 14. Bb2 d5 15. Bd3 e5 16. Qe2 Bd6 17. exd5 cxd5 18. Nxd5 Bb7 19. Nxf6+ Qxf6 20. f4 Bc5+ 21. Kh2 Qc6 22. fxe5 Rae8 23. Rf4 Bd6 24. Rg4 g5 25. Re1 f5 26. Rg3 Qc7 27. Qh5 Qg7 28. exd6 Qxb2 29. Rxe8 Qg7 30. Bxf5 Bd5 31. d7 Bf7 32. Rxf8+ Qxf8 33. Rxg5+ Kh8 34. d8Q Qxd8 35. Qxh6# 1-0

[Event "Lund Lask op"]
[Site "Lund"]
[Date "2016.11.15"]
[Round "5"]
[White "Persson, Ulf"]
[Black "Karlsson, Ulf"]
[Result "1/2-1/2"]
[WhiteElo "1916"]
[BlackElo "2022"]
[PlyCount "45"]
[EventDate "2016.10.04"]
[EventType "swiss"]
[EventRounds "7"]
[EventCountry "SWE"]
[SourceTitle "EXT 2019"]
[Source "ChessBase"]
[SourceDate "2018.10.10"]
[SourceVersion "1"]
[SourceVersionDate "2018.10.10"]
[SourceQuality "1"]

1. e4 c5 2. Nf3 Nc6 3. Bb5 e6 4. Bxc6 bxc6 5. d3 Ne7 6. 0-0 Ng6 7. Nc3 e5 8. Ne2 Be7 9. c4 d6 10. h3 Be6 11. Nh2 0-0 12. f4 exf4 13. Nxf4 Nxf4 14. Bxf4 Bf6 15. Qd2 Bd4+ 16. Be3 Be5 17. Nf3 f6 18. Nxe5 fxe5 19. Rxf8+ Qxf8 20. Rf1 Qe8 21. Qf2 Rb8 22. Bc1 Rb7 23. Qg3 1/2-1/2

[Event "Lund op"]
[Site "Lund"]
[Date "2016.04.12"]
[Round "7"]
[White "Persson, Ulf"]
[Black "Nilsson, Roger2222"]
[Result "1-0"]
[WhiteElo "1893"]
[BlackElo "1869"]
[PlyCount "99"]
[EventDate "2016.02.09"]
[EventType "swiss"]
[EventRounds "7"]
[EventCountry "SWE"]
[SourceTitle "EXT 2019"]
[Source "ChessBase"]
[SourceDate "2018.10.10"]
[SourceVersion "1"]
[SourceVersionDate "2018.10.10"]
[SourceQuality "1"]

1. e4 c5 2. Nf3 Nc6 3. Bb5 g6 4. 0-0 Bg7 5. c3 e5 6. d3 Nge7 7. Bg5 h6 8. Be3 b6 9. Na3 Bb7 10. Qe2 0-0 11. Nd2 g5 12. g3 d5 13. f3 a6 14. Ba4 b5 15. Bc2 d4 16. Bf2 Qa5 17. Nb3 Qb6 18. Rac1 Rac8 19. Bb1 Na5 20. Nxa5 Qxa5 21. cxd4 exd4 22. Be1 Qb6 23. b3 f5 24. Bd2 Rce8 25. Qg2 Ng6 26. b4 c4 27. dxc4 bxc4 28. Nxc4 Qa7 29. Bd3 g4 30. Rce1 gxf3 31. Rxf3 Qa8 32. Nb6 Qd8 33. Nc4 Qa8 34. Nb6 Qd8 35. Nc4 Rf6 36. Rff1 Kh7 37. Re2 Ree6 38. Rfe1 f4 39. gxf4 Nxf4 40. Bxf4 Rxf4 41. e5+ Kh8 42. Qxb7 Rg4+ 43. Rg2 Rxg2+ 44. Qxg2 Re7 45. Qg6 Bf8 46. Kh1 Rg7 47. Qxh6+ Kg8 48. Nd6 Qa8+ 49. Be4 Qa7 50. Bd5+ 1-0